PS1 Games With Vague Descriptions - Statistics

General Stats
  • This quiz has been taken 11 times
  • The average score is 5 of 15
Answer Stats
Hint Answer % Correct
Orange animal breaks crates Crash Bandicoot
89%
Pointy chest girl goes into caves Tomb Raider
89%
Sneaky and slithery; he's also solid Metal Gear Solid
67%
Swing with webs and fight crime Spiderman
56%
Purple fire breathing beast frees his friends Spyro The Dragon
56%
Drive really fast on cool realistic tracks Gran Turismo
44%
Trapped in a big mansion Resident Evil
44%
Capture the monkeys Ape Escape
33%
Fight people Tekken 3
33%
Guy rides board around maps to get tapes Tony Hawk's Pro Skater
22%
Fight as a blue guy with a cannon for an arm MegaMan X6
11%
Orange animal drives a car Crash Kart Racing (CTR)
0%
Go on a quest to stop an evil guy from collecting crystals Final Fantasy IV
0%
Commit crimes in a top down world Grand Theft Auto (GTA)
0%
Jump around as a funny looking little guy Rayman 2
0%
No matching quizzes found
Score Distribution
Percent of People with Each Score
Percentile by Number Answered
Your Score History
You have not taken this quiz